Представление документа в формате RUSMARC

ПолеНазваниеЗначение
  Тип записи a
  Библиографический уровень a
001 Контрольный номер RU/CBS_UL/BASE/57dc0ffca4af4c53b8cbb829f948c072
005 Дата корректировки 20250507135816.9
100 Данные общей обработки __
a Данные общей обработки 20250507 ||| 0rusy0189 ca
101 Язык документа 0_
a Язык текста rus
102 Страна публикации __
a Страна публикации RU
200 Заглавие и сведения об ответственности 1_
a Заглавие Сердце матери
e Сведения, относящиеся к заглавию [о жизни вдовствующей императрицы Марии Фёдоровны в Крыму в 1918-1919 гг.]
f Первые сведения об ответственности Ю. Кудрина
300 Общие примечания __
a Общие примечания 16+
461 Уровень набора _0
1 2000
a Родина
463 Уровень физической единицы _0
1 2000
a № 3
v С. 12-16 : фот., ил.
1 2101
d 2023
1 001RU/CBS_UL/BASE/7053cac77d2a4ac4ba59b1245707d6fd
600 Персоналии _1
a Персоналии (Фамилия) Мария Фёдоровна, императрица
600 Персоналии _1
a Персоналии (Фамилия) Николай II
606 Тематические рубрики 0_
a Основная рубрика Романовы (семья) - Мария Фёдоровна (императрица; 1847-1928) - Жизнь в Крыму, 1918-1919 гг.
y Географическая подрубрика Крым
z Хронологическая подрубрика 1918-1919 гг.
610 Ключевые слова 0_
a Ключевые слова история русская
610 Ключевые слова 0_
a Ключевые слова императоры
610 Ключевые слова 0_
a Ключевые слова вдовствующие императрицы
610 Ключевые слова 0_
a Ключевые слова императрицы
610 Ключевые слова 0_
a Ключевые слова императорские семьи
610 Ключевые слова 0_
a Ключевые слова Романовы (царская семья)
610 Ключевые слова 0_
a Ключевые слова Романовы (династии)
610 Ключевые слова 0_
a Ключевые слова гражданская война
610 Ключевые слова 0_
a Ключевые слова эмиграция
610 Ключевые слова 0_
a Ключевые слова вынужденная эмиграция
610 Ключевые слова 0_
a Ключевые слова жизнь в Крыму
610 Ключевые слова 0_
a Ключевые слова роль личности в истории
610 Ключевые слова 0_
a Ключевые слова судьба императорской семьи
686 Индексы других классификаций __
2 Код системы rubbk
a Классификационный индекс 63.3(2)6-8
700 Автор _1
a Фамилия Кудрина
b Имя (инициалы) Ю.
801 Источник записи _0
a Страна RU
b Организация МБУК ЦБС г. Ульяновска
c Дата составления 20250507
g Правила каталогизации RCR
801 Источник записи _1
a Страна RU
b Организация МБУК ЦБС г. Ульяновска
c Дата составления 20250507
g Правила каталогизации RCR
901 Тип документа __
t Тип документа b
w Контрольный № источника RU/CBS_UL/BASE/7053cac77d2a4ac4ba59b1245707d6fd
909 Создатель записи __
a Создатель записи lib1